000 00820nam a22002177a 4500
001 44428
003 BD-RjUL
005 20211209053845.0
008 160717s1960 bg ||||| |||| 00| 0 ben d
035 _a(BD-RjUL)44546
040 _aBD-RjUL
_bben
_cBD-RjUL
041 _aben
082 _223
_a297.61
_bHUC 1960
100 _aহুসাইন, মুহাম্মদ মুজাফফার
_9136368
245 1 0 _aচারি ইমামের জীবনী /
_cমুহাম্মদ মুজাফফার হুসাইন
260 _aচট্রগ্রাম :
_bনাইট কলেজ,
_c১৯৬০
300 _a[২০], ৪৪৪ পৃ. ;
_c২১ সেমি.
650 _aইসলামী নেতা
_9136369
650 _aIslamic Leader
_9136370
942 _2ddc
_cBK
999 _c44428
_d44428